Movie Pop-Ups Quiz Stats

 Plays Quiz Updated Jul 1, 2017

Support Sporcle.
Go Orange.
Score 0/10 Timer 06:00
1 Play Today
% Correct
Jurassic Park
97%
Psycho
90%
Back to the Future
89.7%
The Godfather
80.2%
The Dark Knight
79.9%
Raiders of the Lost Ark
73.3%
Alien
69.6%
The Empire Strikes Back
54%
Pulp Fiction
49.6%
Finding Nemo
23%

You're not logged in!

Compare scores with friends on all Sporcle quizzes.
OR
Log In
Forgot?

From the Vault

Alphabetical Sixsomes II

by BillyJoelRulez

Here we combine three of our favorite things. Counting, the alphabet, and screaming in frustration.
Remove Ads.
Support Sporcle.
Get the best of Sporcle when you Go Orange. This ad-free experience offers more features, more stats, and more fun while also helping to support Sporcle. Thank you for becoming a member.

Show Comments

Extras

Top Quizzes Today


Score Distribution

Your Account Isn't Verified!

In order to create a playlist on Sporcle, you need to verify the email address you used during registration. Go to your Sporcle Settings to finish the process.

Report this User

Report this user for behavior that violates our Community Guidelines.

Details: